Normal view
MARC view
- Izquierdo Jurado, Francisco David,
Entry Nombre Personal
001 - NUMERO DE CONTROL
- campo de control: 38037
003 - IDENTIFICADOR DE NUMERO DE CONTROL
- campo de control: UPN
005 - FECHA Y HORA DE LA ÜLTIMA TRANSACCIÓN
- campo de control: 20210219194531.0
008 - DATOS DE LONGITUD FIJA
- campo de control de longitud fija: nabaccnnaabn|||||||||| b |nc|||||d
035 ## - NUMERO DE CONTROL
- Número de control: UPN11000010144
040 ## - FUENTE DE CATALOGACIÓN
- Lenguaje de catalogación: SPA
- Agencia de transcripción: UPN
100 1# - ENCABEZAMIENTO - NOMBRE PERSONAL
- Nombre personal: Izquierdo Jurado, Francisco David,
- Fechas asociadas con el nombre: 1979-
670 ## - FUENTE EN LA QUE SE LOCALIZARON DATOS
- Cita de la fuente: T
- Uniform Resource Identifier: http://www.juntadeandalucia.es/cultura/caletras/opencms/es/datos_maestros/participantes/autores/izquierdo.jurado.francisco.david.html
680 ## - NOTA PUBLICA DE ACCESO PÚBLICO
- Frase explicativa de la referencia: Profesor español y escritor de literatura infantil y juvenil
902 ## - CATALOGADOR
- Catalogador: CAA/301115
